000 00293nam a22001337a 4500
008 170511b xxu||||| |||| 00| 0 eng d
020 _a0314152318
041 _aeng
080 _29TH
_a347
100 _a15
101 _aSHJ
245 _aCIVIL PROCEDURE
_cFRIEDENTHAL ,J.H
942 _2udc
_cBK
999 _c13142
_d13142